Every Song by Fenix*TX - Statistics

General Stats
  • This quiz has been taken 2 times
  • The average score is 7 of 37
Answer Stats
Album Song % Correct
Riverfenix(1997) All My Fault
100%
Riverfenix(1997) G.B.O.H.
100%
Lechuza(2001) Threesome
100%
Riverfenix(1997) Ben
50%
Fenix TX(1999) Flight 601 (All I've Got Is Time)
50%
Lechuza(2001) Katie W.
50%
Riverfenix(1997) Philosophy
50%
Riverfenix(1997) Skinhead Jessie
50%
Riverfenix(1997) Untitled
50%
Riverfenix(Hidden)(1997) Untitled
50%
Lechuza(2001) Abba Zabba
0%
Riverfenix(1997) Apple Pie Cowboy Toothpaste
0%
Lechuza(2001) A Song for Everyone
0%
Lechuza(2001) Beating a Dead Horse
0%
CRE.EP(2016) Bending Over Backwards
0%
CRE.EP(2016) Church and State
0%
Riverfenix(Hidden)(1997) City of the Dead
0%
G.B.O.H.(1996) Telefornication
0%
Lechuza(2001) El Borracho
0%
CRE.EP(2016) Get Loose
0%
CRE.EP(2016) I Don't Know What to Say
0%
Lechuza(Hidden)(2001) James' Song
0%
Riverfenix(1997) Jaw
0%
Riverfenix(1997) Jean Claude Trans Am
0%
Riverfenix(1997) Jolly Green Dumbass
0%
Lechuza(2001) Manufactured Inspirato
0%
Riverfenix(1997) Minimum Wage
0%
Riverfenix(1997) No Lie
0%
G.B.O.H.(1996) O'Bleek
0%
Lechuza(2001) Pasture of Muppets
0%
Lechuza(2001) Phoebe Cates
0%
Riverfenix(1997) Rooster Song
0%
Lechuza(2001) Something Bad Is Gonna Happen
0%
Riverfenix(1997) Speechless
0%
CRE.EP(2016) Spooky Action at a Distance
0%
Fenix TX(1999) Surf Song
0%
Lechuza(2001) Tearjerker
0%
No matching quizzes found
Score Distribution
Percent of People with Each Score
Percentile by Number Answered
Your Score History
You have not taken this quiz